000 00457nam a2200169Ia 4500
008 230524s9999 xx 000 0 und d
020 _a8175151730
082 _a621.38
_bRAI
100 _aHarish C.Rai
245 0 _a"A Text Book on Power Electronics (Devices,Circuits,Systems and Applications)"
250 _a1ST
260 _aNEW DELHI
_bGalgotia
_c2001
300 _aXII;1167
500 _aQuantity Number: 2
650 _aElectronics
942 _cBK
999 _c37046
_d37046